000 01085nam a22003257a 4500
003 CHAP
005 20220329133229.0
008 971013s1987 r 00010 d
010 _a3685
011 _a4657
035 _a3861
040 _cCHAP
082 _a001.6
_bT3 1986-88
110 _aTabacos Mexicanos, S. A. de C. V.
_9111261
245 _aPlan de desarrollo informático 1986-1988
260 _c[1987?]
300 _a80 p.
_b; gráfs.
500 _aD51-11
590 _aBATCH-UPD
_b10
_c20130110
_lUCH01
_h1120
590 _aBATCH-UPD
_b10
_c20130410
_lUCH01
_h0710
590 _aBATCH-UPD
_b10
_c20130914
_lUCH01
_h1639
590 _aCONVERSION
_b10
_c20130109
_lUCH01
_h1303
650 1 4 _aInformática.
_958156
650 1 4 _aProcesamiento automático de datos en tabaco.
_991813
901 _aBK
942 _cLIBRO
949 _a001.6 T3 1986-88
_bBC
_cLIBRO
_d33724000229357
_eLIBRO
_h80034
_i3861
_si
949 _a001.6 T3 1986-88
_bBC
_cLIBRO
_d33724000229365
_eLIBRO
_fc.2
_h80035
_i3861
_si
949 _a001.6 T3 1986-88
_bBC
_cLIBRO
_d33724000229373
_eLIBRO
_fc.3
_h80035
_i3861
_si
999 _c3685
_d3685